ბათუმის შოთა რუსთაველის სახელმწიფო უნივერსიტეტის ბიბლიოთეკა

ეკონომიკა და ბიზნესი.EKONOMIKS AND BUSINESS.ЭКОНОМИКА И БИСНЕС> №2. 2018 (ბიბ.ჩანაწერი № 56329)

000 -LEADER
fixed length control field 00699nam a2200181Ia 4500
001 - CONTROL NUMBER
control field 23442
003 - CONTROL NUMBER IDENTIFIER
control field GE_BSU
008 - FIXED-LENGTH DATA ELEMENTS--GENERAL INFORMATION
fixed length control field 181216s||||||||xx |||||||||||||| ||und||
040 ## - CATALOGING SOURCE
Transcribing agency GE_BSU
245 ## - TITLE STATEMENT
Title ეკონომიკა და ბიზნესი.EKONOMIKS AND BUSINESS.ЭКОНОМИКА И БИСНЕС> №2. 2018
245 ## - TITLE STATEMENT
Statement of responsibility, etc. მთ.რედ:ე.მექვაბიშვილი
260 ## - PUBLICATION, DISTRIBUTION, ETC.
Place of publication, distribution, etc. თბილისი
260 ## - PUBLICATION, DISTRIBUTION, ETC.
Date of publication, distribution, etc. 2018წელი
300 ## - PHYSICAL DESCRIPTION
Extent 216გვ;24 სმ;
653 ## - INDEX TERM--UNCONTROLLED
Uncontrolled term ეკონომიკა და ბიზნესი.EKONOMIKS AND BUSINESS.ЭКОНОМИКА И БИСНЕС. №2. 2018
653 ## - INDEX TERM--UNCONTROLLED
Uncontrolled term პერიოდიკა
942 ## - ADDED ENTRY ELEMENTS (KOHA)
Koha item type პერიოდიკა
ეგზემპლარები
Withdrawn status Lost status Damaged status Not for loan Date acquired Barcode Date last seen Price effective from Koha item type Public note
        2018-12-17 P79646 2018-12-17 2018-12-17 პერიოდიკა პერიოდიკა